150 Contratual Problems and their solutions / (Record no. 532933)

000 -LEADER
fixed length control field 00318nam a22001337a 4500
003 - CONTROL NUMBER IDENTIFIER
control field NUST
038 ## - RECORD CONTENT LICENSOR
Staff Name M.Ramzan
082 ## - DEWEY DECIMAL CLASSIFICATION NUMBER
Classification number 346.4102
Author Mark KNW
100 ## - MAIN ENTRY--PERSONAL NAME
Personal name Knowles, Roger
9 (RLIN) 26547
245 ## - TITLE STATEMENT
Title 150 Contratual Problems and their solutions /
260 ## - PUBLICATION, DISTRIBUTION, ETC.
Place of publication, distribution, etc. UK:
Name of publisher, distributor, etc. Black Well,
Date of publication, distribution, etc. 2005.
300 ## - PHYSICAL DESCRIPTION
Extent 301 p, :
942 ## - ADDED ENTRY ELEMENTS (KOHA)
Source of classification or shelving scheme
Koha item type Book
Holdings
Withdrawn status Lost status Source of classification or shelving scheme Damaged status Not for loan Permanent Location Current Location Date acquired Total Checkouts Full call number Barcode Date last seen Price effective from Koha item type
          School of Civil and Environmental Engineering (SCEE) School of Civil and Environmental Engineering (SCEE) 12/06/2019   346.4102 KNW NIT-10110 12/06/2019 12/06/2019 Book
© 2023 Central Library, National University of Sciences and Technology. All Rights Reserved.